General Knowledge #14 - Statistics

General Stats
  • This quiz has been taken 25 times
  • The average score is 9 of 15
Answer Stats
Question Answer % Correct
What is the capital of Russia? Moscow
95%
On which continent is the country of Madagascar located? Africa
91%
In which two cities were the atomic bombs dropped during WW2? Hiroshima and Nagasaki
91%
Which country is Chernobyl located in? Ukraine
86%
Neil Armstrong and ___ _____ were the first men to walk on the moon Buzz Aldrin
73%
What is the name of the most famous English playwright? William Shakespeare
73%
Which scientist proposed the three laws of motion? Isaac Newton
68%
What is the smallest continent? Australia
59%
Between 1 and 100, how many multiples of 9 are odd numbers? 6
50%
Alveoli are located in which organ of the human body? Lungs
41%
Which house was Jon Snow from in Game of Thrones? Stark
41%
How many inches are in 4 yards? 144
36%
What is a phrase that uses the same beginning sound for each word? Alliteration
32%
Which part of speech describes how, when, or where? Adverb
27%
Who wrote the national anthem for the U.S.? Francis Scott Key
23%
No matching quizzes found
Score Distribution
Percent of People with Each Score
Percentile by Number Answered
Your Score History
You have not taken this quiz